Statistics for Flags of territories of the United Kingdom

Click here to take the quiz!

General Stats

  • This quiz has been taken 51 times
  • The average score is 14 of 23

Answer Stats

Answer% Correct
England
97%
United Kingdom
97%
Scotland
95%
Wales
92%
Isle of Man
82%
Gibraltar
72%
Guernsey
67%
Jersey
67%
Northern Ireland
67%
Falkland Islands
62%
British Virgin Islands
59%
Anguilla
56%
Bermuda
56%
Montserrat
56%
Cayman Islands
54%
Saint Helena
49%
Pitcairn Islands
46%
British Indian Ocean Territory
44%
South Georgia and the South Sandwich Islands
44%
Turks and Caicos Islands
41%
British Antarctic Territory
38%
Tristan da Cunha
28%
Ascension Island
23%

Score Distribution

Percentile by Number Answered

Percent of People with Each Score

Your Score History

You have not taken this quiz